000 00256nam a2200109Ia 4500
001 588632
005 20250717120835.0
008 250717s9999 xx 000 0 und d
245 0 _aV-5 GİZLİ BAHÇE
_cJEAN
260 _bERDEM YAYINLARI
_c2017
300 _b48
999 _c588632
_d588632